000 00478nam a2200181 a 4500
001 6401
003 CO-ViMGA
008 141112s2004 ck r 000 u spa d
040 _aCO-ViMGA
_bspa
_cCO-ViMGA
082 0 4 _aBr 863.44 A512d
100 1 _aAmado, Jorge
245 1 0 _aDe como los turcos descubrieron América
260 _aBuenos Aires :
_bEmece,
_c1995
300 _a206 p : il
490 _aGrandes novelistas
650 1 4 _aCUENTOS BRASILEROS
_95158
942 _2ddc
_cBK
999 _c18371
_d18371